Score 0/12 Timer 00:45
0 Plays Today
% Correct
Owl
97%
Old
95.5%
Odd
95.1%
Off
94.7%
Oil
94.7%
One
94.7%
Oak
93.9%
Owe
93.9%
Oat
93.6%
Out
93.6%
Oar
92.8%
Oaf
89.8%
Remove Ads.
Support Sporcle.
Get the best of Sporcle when you Go Orange. This ad-free experience offers more features, more stats, and more fun while also helping to support Sporcle. Thank you for becoming a member.

You're not logged in!

Compare scores with friends on all Sporcle quizzes.
OR
Log In

Sporcle TV

Today on Sporcle TV


Watch our educational content, quiz creation guides, and fun videos on Sporcle TV.

Show Comments

Extras

Top Quizzes Today


Score Distribution

Paid Content

Your Account Isn't Verified!

In order to create a playlist on Sporcle, you need to verify the email address you used during registration. Go to your Sporcle Settings to finish the process.

Report this User

Report this user for behavior that violates our Community Guidelines.

Details: